00621nam a2200157 a 4500008004100000050001900041100002000060245004800080260006100128350000900189650002600198650000900224995009400233999001700327952011900344120416s1968 ||||||||||||||||| || u aHD 1265.Z7 Pal aPalmer, Robin H10aAspects of Rhodesian land policy, 1890-1936 aHararebThe Central African Historical Associationc1968 a0.00 aLAND POLICY--RHODESIA aLAND D0.00FCBU-MAIN LIBRARY (Kitwe)H1I85.00M1UAVAILABLEVApr 11, 2007ZZambiana Collection c34917d34917 00102lcc4070a001b001cZambiana Collectiond2022-11-30l0oHD 1265.Z7 Palp029046r2022-11-30w2022-11-30y002